| 000 | 00604nam a22002057a 4500 | ||
|---|---|---|---|
| 003 | BD-DhJNU | ||
| 005 | 20251116041257.0 | ||
| 008 | 251027b |||||||| |||| 00| 0 eng d | ||
| 020 | _a0813922445 | ||
| 020 | _a0813922453 | ||
| 040 |
_aBD-DhJNU _bENG _cBD-DhJNU _dBD-DhJNU |
||
| 082 |
_223 _a810.936 |
||
| 100 | _aLove, Glen A. | ||
| 245 |
_aPractical ecocriticism : _bliterature biology and the environment / _cGlen A. Love |
||
| 260 |
_aLondon : _bUniversity of Virginia Press, _c1932. |
||
| 300 |
_aviii, 213 p. : _c24 cm. |
||
| 504 | _aincludes index | ||
| 650 | _aEcocriticism | ||
| 942 |
_2ddc _cBK _n0 |
||
| 999 |
_c2310 _d2310 |
||